| 000 | 00851nam a2200265 i 4500 | ||
|---|---|---|---|
| 001 | 000021617 | ||
| 003 | DO-SdBNP | ||
| 005 | 20231006133558.0 | ||
| 007 | ta | ||
| 008 | 100909s1945 dr 000 0 spa d | ||
| 040 |
_aDO-SdBNP _bspa _cBNPHU _erda |
||
| 049 | _aBNPD | ||
| 082 | 4 |
_bM917e _222 |
|
| 100 | 1 |
_aMota M., Fabio A. _944988 _eautor |
|
| 245 | 1 | 0 |
_aUn estadista de América : _bobra socio-política de Trujillo. (Filosofía-Historia-Estadística 1930-1944) / _cFabio A. Mota M. |
| 264 |
_aCiudad Trujillo, República Dominicana : _bMontalvo, _c1945. |
||
| 300 |
_a255 páginas ; _c23 cm. |
||
| 336 |
_2rdacontent _atexto _btxt |
||
| 337 |
_2rdamedia _asin mediación _bn |
||
| 338 |
_2rdacarrier _avolumen _bnc |
||
| 500 | _aIncluye notas al pie de páginas | ||
| 590 | _aInventariado, 2023/BT | ||
| 910 | _abtavárez | ||
| 942 |
_2ddc _cLBS1 |
||
| 999 |
_c21116 _d21116 |
||